000
00306 a2200145 4500
001
165452
020
_a
040
_c
Magnum
100
_a
Marcellino, Nelson Carvalho (Org)
240
1
0
_a
Lazer e empresa
_l
por
245
1
0
_a
Lazer e empresa
362
0
_a
1899
697
_a
ADMINISTRACAO
942
_c
BK
999
_c
165452
_d
165452